[Event "FRA-ch U20 Girls"]
[Site "Aix les Bains"]
[Date "2006.04.??"]
[Round "2"]
[White "Plessis, Laura"]
[Black "Bolon, Karelle"]
[Result "1-0"]
[WhiteElo "1915"]
[BlackElo "2062"]
[PlyCount "87"]
[EventDate "2006.04.??"]
[EventType "tourn"]
[EventRounds "9"]
[EventCountry "FRA"]
[SourceTitle "EXT 2007"]
[Source "ChessBase"]
[SourceDate "2006.11.23"]
[SourceVersion "1"]
[SourceVersionDate "2006.11.23"]
[SourceQuality "1"]

1. d4 d5 2. c4 c6 3. Nd2 g6 4. Ngf3 Nf6 5. g3 Bg7 6. Bg2 0-0 7. 0-0 Nbd7 8. e3 b6 9. b3 Ba6 10. Re1 Rc8 11. Bb2 Bb7 12. Rb1 e6 13. Qe2 c5 14. cxd5 exd5 15. dxc5 bxc5 16. Qb5 Qb6 17. Qd3 Rfd8 18. Ng5 Ba6 19. Qc3 Nh5 20. Qc2 Bxb2 21. Qxb2 Qf6 22. Qa3 Bd3 23. Rbd1 Ne5 24. f4 c4 25. Ndf3 Nxf3+ 26. Bxf3 Ng7 27. Nh3 Bf5 28. Nf2 Qe6 29. g4 Bc2 30. Rc1 cxb3 31. axb3 Qb6 32. Re2 Qxb3 33. Qxa7 Bd3 34. Rxc8 Rxc8 35. Qd7 Rc1+ 36. Kg2 h6 37. Bxd5 Qxd5+ 38. Qxd5 Bxe2 39. Qd2 Bf1+ 40. Kf3 Ra1 41. Qd8+ Kh7 42. Ne4 Ne6 43. Qe7 Kg8 44. Nd6 1-0

[Event "FRA-ch U20 Girls"]
[Site "Aix les Bains"]
[Date "2006.04.??"]
[Round "7"]
[White "Plessis, Laura"]
[Black "Maupin, Valerie"]
[Result "0-1"]
[WhiteElo "1915"]
[BlackElo "1986"]
[PlyCount "107"]
[EventDate "2006.04.??"]
[EventType "tourn"]
[EventRounds "9"]
[EventCountry "FRA"]
[SourceTitle "EXT 2007"]
[Source "ChessBase"]
[SourceDate "2006.11.23"]
[SourceVersion "1"]
[SourceVersionDate "2006.11.23"]
[SourceQuality "1"]

1. d4 d5 2. Nf3 Nf6 3. Bf4 e6 4. e3 Nbd7 5. Bd3 Be7 6. Nbd2 0-0 7. h3 c5 8. c3 a6 9. 0-0 b5 10. e4 dxe4 11. Nxe4 Qb6 12. dxc5 Nxc5 13. Nxc5 Qxc5 14. Re1 Bb7 15. Be5 h6 16. Re3 Rfd8 17. Bd4 Qc6 18. Nh4 Rd7 19. Rg3 Qd5 20. Qe2 Qh5 21. Nf3 Bxf3 22. Qxf3 Qxf3 23. Rxf3 Rad8 24. Re1 Nd5 25. Rg3 Bf6 26. Bxf6 Nxf6 27. Ree3 Rd6 28. c4 bxc4 29. Bxc4 Rd1+ 30. Kh2 R1d2 31. Rd3 R8xd3 32. Rxd3 Rxb2 33. Rd8+ Kh7 34. f3 g5 35. Ra8 Nd5 36. Rxa6 Ne3 37. Bd3+ Kg7 38. a4 Nxg2 39. Kg1 Nf4 40. Bf1 Ra2 41. a5 Nd5 42. Ra8 Ra1 43. Kf2 Ra2+ 44. Ke1 h5 45. a6 Nc7 46. Ra7 Nd5 47. Bc4 Ra3 48. Rb7 Rxf3 49. Bb3 Rxh3 50. Kd2 Rh1 51. Kd3 Ra1 52. a7 g4 53. Kc4 g3 54. Kd4 0-1

[Event "FRA-ch U20 Girls"]
[Site "Aix les Bains"]
[Date "2006.04.??"]
[Round "5"]
[White "Verot, Melanie"]
[Black "Plessis, Laura"]
[Result "1-0"]
[WhiteElo "2092"]
[BlackElo "1915"]
[PlyCount "83"]
[EventDate "2006.04.??"]
[EventType "tourn"]
[EventRounds "9"]
[EventCountry "FRA"]
[SourceTitle "EXT 2007"]
[Source "ChessBase"]
[SourceDate "2006.11.23"]
[SourceVersion "1"]
[SourceVersionDate "2006.11.23"]
[SourceQuality "1"]

1. d4 g6 2. c4 Bg7 3. Nc3 c5 4. Nf3 Nf6 5. Bg5 Qa5 6. Bd2 cxd4 7. Nxd4 Qb6 8. e3 0-0 9. Be2 d6 10. Bf3 Nbd7 11. 0-0 Ne5 12. Be2 Bg4 13. Bxg4 Nfxg4 14. Nd5 Qd8 15. Bc3 Nf6 16. Qb3 b6 17. Nb5 Ne4 18. Rac1 Nd3 19. Rcd1 Ndc5 20. Qc2 Nxc3 21. Nbxc3 Qd7 22. Qe2 Rfc8 23. Nb5 Rc6 24. Qf3 Rac8 25. Nb4 Ne6 26. Nxc6 Rxc6 27. b3 a6 28. Nd4 Rc5 29. Qa8+ Nf8 30. Qxa6 Qc7 31. Qa8 Ra5 32. Qc6 Qa7 33. Nb5 Qa6 34. a4 Ne6 35. h3 Nc5 36. b4 Rxa4 37. bxc5 Rxc4 38. Qxb6 Qxb6 39. cxb6 Rb4 40. Rb1 Bb2 41. Nc3 Rxb6 42. Na4 1-0

[Event "Besancon op"]
[Site "Besancon"]
[Date "2005.12.29"]
[Round "7"]
[White "Plessis, Laura"]
[Black "Lograda, Alexis"]
[Result "1/2-1/2"]
[WhiteElo "1858"]
[BlackElo "1940"]
[PlyCount "51"]
[EventDate "2005.12.27"]
[EventType "swiss"]
[EventRounds "7"]
[EventCountry "FRA"]
[SourceTitle "CBM 110 Extra"]
[Source "ChessBase"]
[SourceDate "2006.03.10"]
[SourceVersion "2"]
[SourceVersionDate "2006.03.10"]
[SourceQuality "1"]

1. d4 Nf6 2. Nf3 g6 3. Bf4 Bg7 4. Nbd2 d5 5. h3 0-0 6. e3 c5 7. c3 Nc6 8. Bd3 cxd4 9. exd4 Re8 10. 0-0 Nd7 11. Re1 e5 12. dxe5 Ndxe5 13. Nxe5 Nxe5 14. Bc2 Bd7 15. Bxe5 Rxe5 16. Rxe5 Bxe5 17. Nf3 Bf6 18. Qxd5 Bc6 19. Qxd8+ Rxd8 20. Bd1 b5 21. Be2 a5 22. Rd1 Rxd1+ 23. Bxd1 Bxf3 24. Bxf3 b4 25. cxb4 axb4 26. Bd5 1/2-1/2

[Event "FRA-ch U18 Girls"]
[Site "Calvi"]
[Date "2005.04.19"]
[Round "3"]
[White "Plessis, Laura"]
[Black "Bartolo, Amandine"]
[Result "1-0"]
[WhiteElo "1898"]
[BlackElo "1260"]
[PlyCount "76"]
[EventDate "2005.04.??"]
[EventType "swiss"]
[EventRounds "9"]
[EventCountry "FRA"]
[SourceTitle "EXT 2006"]
[Source "ChessBase"]
[SourceDate "2005.11.24"]
[SourceVersion "1"]
[SourceVersionDate "2005.11.24"]
[SourceQuality "1"]

1. d4 d5 2. Nf3 Nf6 3. e3 Bg4 4. c3 e6 5. Qc2 c5 6. Nbd2 Nc6 7. Bd3 Bd6 8. 0-0 0-0 9. dxc5 Bxc5 10. e4 e5 11. exd5 Qxd5 12. Ng5 h6 13. Nge4 Nh5 14. Bc4 Qd7 15. Nxc5 Qe7 16. Ncb3 Nf4 17. Re1 Kh8 18. Nf1 Qg5 19. Ng3 Qh4 20. Bf1 Rae8 21. f3 Bh5 22. Bxf4 exf4 23. Rxe8 Rxe8 24. Nxh5 Qxh5 25. Rd1 g6 26. Rd7 Re1 27. Rxb7 Ne5 28. Qd2 Rb1 29. Qd4 Kh7 30. Nc5 Qg5 31. Qe4 h5 32. Ne6 Qf6 33. Qxb1 Qxe6 34. Qe4 Kg7 35. Rxa7 Qb6+ 36. Qd4 Qxd4+ 37. cxd4 Nc6 38. Rd7 Kf6 1-0

[Event "FRA-ch U16 Girls"]
[Site "Hyeres"]
[Date "2002.??.??"]
[Round "1.6"]
[White "Plessis, Laura"]
[Black "Romain, Emeline"]
[Result "1-0"]
[WhiteElo "1610"]
[BlackElo "1900"]
[PlyCount "51"]
[EventDate "2002.04.05"]
[EventType "swiss"]
[EventRounds "9"]
[EventCountry "FRA"]
[SourceTitle "EXT 2003"]
[Source "ChessBase"]
[SourceDate "2002.11.25"]
[SourceVersion "1"]
[SourceVersionDate "2002.11.25"]
[SourceQuality "1"]

1. b3 Nf6 2. Bb2 g6 3. e4 Bg7 4. e5 Nd5 5. c4 Nb6 6. d4 d6 7. exd6 cxd6 8. Nf3 0-0 9. Be2 Nc6 10. 0-0 Bg4 11. h3 Bf5 12. Bd3 Bxd3 13. Qxd3 Rc8 14. Re1 Nd7 15. Nbd2 b5 16. a3 bxc4 17. Nxc4 Nb6 18. Nxb6 Qxb6 19. Rac1 Rfe8 20. Rc4 Rb8 21. b4 Qb5 22. Qc2 Rbc8 23. Rc1 Qxc4 24. Qxc4 Nxd4 25. Qxc8 Nxf3+ 26. gxf3 1-0